00526nam a22001817a 450000500170000001000150001702000260003203500140005803700130007208200150008510000160010024500820011625000060019826000350020427000780023930000210031750000060033820240221121925.0 aENG-139389 a9789393701114c599.00 aEN-122921 bDBAD/PUB a270.17521 aSafvi, Rana aIn search of the Divine:bLiving Histories of Sufism in India/cBy Rana Safvi a1 aGurugrambHachette Indiac2022 bGurugrama4th & 5th Floor, Corporate Centre, Plot no-94,Sector-44e122003 a415p.c22cm(hbk) a